| 000 | 00667nam a22001815i 4500 | ||
|---|---|---|---|
| 001 | 161504 | ||
| 003 | ES-MaACL | ||
| 005 | 20230906212312.0 | ||
| 008 | 981002s1871 sp |||| | spa d | ||
| 040 |
_aCLM _bspa _cCCPB | 3D |
||
| 100 | 1 |
_aPassy, Hipolytte. _9130886 |
|
| 245 | 1 | 0 |
_aDe las formas de gobierno y de las leyes porque se rigen / _cobra escrita en francés por M.H. Passy y traducida al castellano por Eugenio de Ochoa. |
| 260 |
_aMadrid : _bCarlos Bailly-Bailliere, _c1871 ( _fImp. de Bailly-Bailliere) |
||
| 300 |
_a419, 5 p. ; _c19 cm. |
||
| 700 | 0 |
_aOchoa, Eugenio de. _986476 |
|
| 852 |
_aES-MaACL _jF-11034 _z-- Enc. pasta |
||
| 999 |
_c161504 _d161504 |
||